000 00780nam a2200253Ia 4500
003 OSt
005 20221005025903.0
006 a|||||r|||| 00| 0
007 ta
008 221004b |||||||| |||| 00| 0 eng d
020 _a0674664795 (pbk)
_c1637.42
024 _a114035
037 _bOD00515143347FF, 26/12/2011, W S Retail Services Pvt. Ltd.
_cTextual
040 _aCRL
_cCRL
_beng
041 _2eng
_aeng
082 _aR3xN38x, M1
100 _aNozick Robert
245 0 _aPhilosophical explanations
260 _aCambridge
_bBelknap Press UK
_c1991
300 _axii,764p.
_ccm.
650 _aPHILOSOPHY
942 _hR3xN38x, M1
_cTEXL
_2cc
999 _c935386
_d935386